Cadernos FGV Direito Rio. Educaȯ̂ e direito Vol. 8

Detalles Bibliográficos
Formato: eBook
Lenguaje:portugués
Publicado: Mx̌ico D.F.: FGV - Direito Rio, 2013
Materias:
Acceso en línea:Acceso restringido

MARC

LEADER 00000nam a22000007a 4500
005 20130711184848.0
007 cr|||| ||||
008 130711s2013 br |||||s|||| 00||0 por d
020 |a 978-85-63265-24-1 
035 |a 11401 
040 |a vLex 
090 |c 4436  |d 4436 
245 0 0 |a Cadernos FGV Direito Rio. Educaȯ̂ e direito Vol. 8  |h [Recurso electrn̤ico] 
256 |a Servicio en ln̕ea 
260 |a Mx̌ico D.F.:  |b FGV - Direito Rio,  |c 2013 
300 |a 1 recurso electrn̤ico 
506 1 |a Contenido solo disponible en los productos indicados  |d vLex Global  |d vLex Global (Academic Edition, excluding Law Schools)  |d vLex Global (U.S. Academic Edition, Law Schools)  |d vLex Global (U.S. Academic Edition, excluding Law Schools)  |d vLex Global (Academic Edition, Law Schools) 
650 0 4 |a Educacin̤  |z Mx̌ico 
650 0 4 |a Derecho  |z Brasil 
740 0 |a vLex Libros (Servicio en ln̕ea) 
856 4 0 |u http://vlex.com/source/cadernos-fgv-direito-rio-educa-ao-direito-vol-8-11401  |z Acceso restringido 
942 |c BOOK 
999 0 |a Education 
999 0 |a Law